[Event "7th EUR-ch"]
[Site "Kusadasi TUR"]
[Date "2006.04.10"]
[Round "7.35"]
[White "Stevic, Hrvoje"]
[Black "Predojevic, Borki"]
[Result "1/2-1/2"]
[WhiteElo "2502"]
[BlackElo "2566"]
[EventDate "2006.04.04"]
[PlyCount "85"]

1.e4 c5 2.c3 e6 3.d4 d5 4.exd5 exd5 5.Be3 c4 6.b3 cxb3 7.axb3 Bd6 8.Bd3 
Ne7 9.Nf3 Nbc6 10.O-O O-O 11.Re1 Bf5 12.Qc2 Qd7 13.Nbd2 Rac8 14.Bxf5 Nxf5 
15.Nf1 Rfe8 16.Qd3 a6 17.Bd2 g6 18.Ne3 Nxe3 19.Rxe3 Rxe3 20.Bxe3 Re8 21.
Nd2 Ne7 22.Nf1 Nf5 23.Bd2 Bc7 24.Ne3 Nh4 25.c4 Qd6 26.g3 dxc4 27.bxc4 Qxd4
28.Qxd4 Nf3+ 29.Kg2 Nxd4 30.Nd5 Be5 31.Rb1 b5 32.cxb5 Nxb5 33.Nb4 Nc7 34.
Nc6 Bf6 35.Ba5 Nb5 36.Nb4 Na3 37.Rc1 Re5 38.Rc6 Kg7 39.Rxa6 Nc4 40.Bc7 Re2
41.Rc6 Ne5 42.Rc2 Rxc2 43.Nxc2 1/2-1/2

[Event "7th EUR-ch"]
[Site "Kusadasi TUR"]
[Date "2006.04.10"]
[Round "7.37"]
[White "Gagunashvili, Merab"]
[Black "Guliev, Sarhan"]
[Result "1-0"]
[WhiteElo "2560"]
[BlackElo "2484"]
[EventDate "2006.04.04"]
[PlyCount "91"]

1.d4 f5 2.g3 Nf6 3.Bg2 g6 4.c3 Bg7 5.Qb3 a5 6.a4 Ra6 7.Nd2 Rb6 8.Qa2 d5 9.
Nh3 O-O 10.Nf4 Rd6 11.Nd3 Be6 12.Nf3 Ne4 13.O-O Bf7 14.Nfe5 Qc8 15.f3 Nf6 
16.Nxf7 Rxf7 17.e4 Rd8 18.Bg5 c6 19.Rae1 Na6 20.e5 Ne8 21.e6 Rf6 22.Bxf6 
Bxf6 23.Ne5 Ng7 24.Nd7 Bg5 25.f4 Bh6 26.Qa3 Re8 27.Qb3 Nc7 28.Nc5 Ngxe6 
29.Rxe6 Nxe6 30.Bxd5 cxd5 31.Qxd5 Rd8 32.Qxe6+ Qxe6 33.Nxe6 Rc8 34.Nc5 Rc7
35.Kf2 Kf7 36.Ke2 b6 37.Nb3 Rc4 38.Ra1 g5 39.fxg5 Bxg5 40.Nc5 bxc5 41.Kd3 
Rxd4+ 42.cxd4 cxd4 43.b4 e5 44.bxa5 e4+ 45.Kxd4 Bf6+ 46.Ke3 1-0

[Event "7th EUR-ch"]
[Site "Kusadasi TUR"]
[Date "2006.04.10"]
[Round "7.40"]
[White "Berg, Emanuel"]
[Black "Kovacevic, Blazimir"]
[Result "1/2-1/2"]
[WhiteElo "2539"]
[BlackElo "2468"]
[EventDate "2006.04.04"]
[PlyCount "122"]

1.e4 d5 2.exd5 Qxd5 3.Nc3 Qa5 4.d4 Nf6 5.Bc4 Bg4 6.f3 Bf5 7.Ne2 e6 8.Bd2 
Qb6 9.g4 Bg6 10.h4 h6 11.Nf4 Nc6 12.Nxg6 fxg6 13.Na4 Qxd4 14.Qe2 Qe5 15.
Bb5 Qxe2+ 16.Kxe2 Bd6 17.c4 Nd7 18.Bxc6 bxc6 19.b3 Nc5 20.Nxc5 Bxc5 21.
Rad1 Rd8 22.Ba5 Bd6 23.Rd3 Bg3 24.Rxd8+ Kxd8 25.Bc3 e5 26.Ke3 Ke7 27.Ke4 
Rd8 28.h5 g5 29.Bxe5 Bxe5 30.Kxe5 Rf8 31.Ke4 Rd8 32.Kf5 Kf7 33.Re1 Rd3 34.
Ke4 Rd6 35.Rc1 Ke6 36.c5 Rd2 37.a3 Ra2 38.a4 Rd2 39.Rc4 a5 40.Rd4 Rc2 41.
Rd8 Rxc5 42.Re8+ Kf6 43.Kd4 Rc1 44.Ra8 Rd1+ 45.Kc4 Rc1+ 46.Kd3 Rf1 47.Kd4 
Rd1+ 48.Kc3 Rf1 49.Kb2 g6 50.hxg6 Kxg6 51.Rxa5 Rxf3 52.Rc5 Rf6 53.a5 h5 
54.gxh5+ Kxh5 55.a6 Rf8 56.Rxc6 Ra8 57.b4 g4 58.b5 g3 59.Rxc7 g2 60.Rg7 
Rb8 61.Ka3 Rxb5 1/2-1/2

[Event "7th EUR-ch"]
[Site "Kusadasi TUR"]
[Date "2006.04.10"]
[Round "7.41"]
[White "Cvitan, Ognjen"]
[Black "Erturan, Yakup"]
[Result "1-0"]
[WhiteElo "2527"]
[BlackElo "2353"]
[EventDate "2006.04.04"]
[PlyCount "57"]

1.d4 Nf6 2.c4 e6 3.Nf3 b6 4.Nc3 d5 5.cxd5 exd5 6.Bg5 Be7 7.e3 O-O 8.Qc2 c5
9.Be2 Nc6 10.O-O cxd4 11.Nxd4 Nxd4 12.exd4 Bb7 13.Bd3 h6 14.Bh4 Rc8 15.
Rfe1 Bb4 16.Bh7+ Kh8 17.Bf5 Rc4 18.a3 Bxc3 19.bxc3 g5 20.Bg3 Ne4 21.Re3 
Kg8 22.Be5 f6 23.Bg3 b5 24.f3 Nxg3 25.hxg3 Rc7 26.Rae1 Qd6 27.Bg4 Rg7 28.
Re8 Bc6 29.R1e6 1-0

[Event "7th EUR-ch"]
[Site "Kusadasi TUR"]
[Date "2006.04.10"]
[Round "7.42"]
[White "Brkic, Ante"]
[Black "Weiss, Christian"]
[Result "1/2-1/2"]
[WhiteElo "2526"]
[BlackElo "2437"]
[EventDate "2006.04.04"]
[PlyCount "166"]

1.e4 c6 2.d4 d5 3.exd5 cxd5 4.c4 Nf6 5.Nc3 e6 6.Nf3 Be7 7.cxd5 Nxd5 8.Bd3 
Nc6 9.O-O Bf6 10.Be4 Nce7 11.Re1 O-O 12.h4 Bd7 13.Qd3 g6 14.h5 Bc6 15.Bh6 
Re8 16.hxg6 hxg6 17.Rad1 Nf5 18.Bc1 Kg7 19.Ne5 Rh8 20.g4 Bxe5 21.dxe5 Qh4 
22.Qf3 Nxc3 23.bxc3 Qh2+ 24.Kf1 Bb5+ 25.Re2 Rad8 26.Re1 Rh3 27.Qg2 Bxe2+ 
28.Kxe2 Qxe5 29.Kf1 Ng3+ 30.fxg3 Rxg3 31.Qf2 Qb5+ 32.Qe2 Qxe2+ 33.Kxe2 
Rxg4 34.Bxb7 Ra4 35.a3 Rb8 36.Bf3 f5 37.Kd3 Kf6 38.Kc2 g5 39.Bc6 Ra6 40.
Bg2 Rh8 41.c4 Rh2 42.Bb2+ Kg6 43.Re2 e5 44.Bxe5 Re6 45.Kd3 Rxg2 46.Rxg2 
Rxe5 47.Kd4 Re8 48.c5 g4 49.c6 Kg5 50.c7 Rc8 51.Rc2 Kf4 52.Kd3 Kf3 53.Kd2 
Kf2 54.Kd3+ Kf3 55.Kd2 a5 56.a4 f4 57.Ke1 Ke3 58.Kf1 f3 59.Rc4 g3 60.Rc3+ 
Ke4 61.Rc4+ Kd3 62.Rf4 Ke3 63.Rf7 g2+ 64.Kg1 Rh8 65.Re7+ Kd2 66.Kf2 Rg8 
67.Re1 Rc8 68.Re7 Kc2 69.Rg7 Kb3 70.Kxf3 Rxc7 71.Rxg2 Kxa4 72.Ke3 Kb3 73.
Rg5 a4 74.Kd2 Rc2+ 75.Kd3 Rb2 76.Rb5+ Ka2 77.Ra5 a3 78.Kc3 Rb8 79.Kc2 Rc8+
80.Kd2 Kb3 81.Rb5+ Ka4 82.Rb7 Rc4 83.Ra7+ Kb3 1/2-1/2

[Event "7th EUR-ch"]
[Site "Kusadasi TUR"]
[Date "2006.04.10"]
[Round "7.43"]
[White "Haznedaroglu, Kivanc"]
[Black "Zelcic, Robert"]
[Result "0-1"]
[WhiteElo "2455"]
[BlackElo "2525"]
[EventDate "2006.04.04"]
[PlyCount "114"]

1.e4 c6 2.d4 d5 3.Nc3 dxe4 4.Nxe4 Bf5 5.Ng3 Bg6 6.h4 h6 7.N1e2 Nf6 8.Nf4 
Bh7 9.Bc4 e6 10.Qe2 Qe7 11.Be3 Nbd7 12.O-O-O O-O-O 13.Nd3 Nb6 14.Bb3 Nfd5 
15.Bd2 Nc7 16.c3 Kb8 17.Ne4 Ka8 18.Bf4 Ncd5 19.Bg3 Qe8 20.a4 a6 21.a5 Nc8 
22.Ndc5 f5 23.Nd2 Bxc5 24.dxc5 f4 25.Bh2 Qg6 26.h5 Qf5 27.g4 Qf8 28.Qc4 e5
29.Rhe1 Nf6 30.f3 e4 31.Nxe4 Rxd1+ 32.Bxd1 Nd5 33.Qd4 Qe7 34.Bc2 Qc7 35.
Rd1 Na7 36.Qa4 Ne3 37.Re1 Nxc2 38.Kxc2 Re8 39.Qd4 Nb5 40.Qb4 Qe7 41.Bg1 
Qh4 42.c4 Nc7 43.Qd2 Bxe4+ 44.Rxe4 Rxe4 45.fxe4 Ne6 46.Qd6 Qxg4 47.Bd4 
Qe2+ 48.Kc3 Qe1+ 49.Kb3 Nxd4+ 50.Qxd4 Qg3+ 51.Ka2 Ka7 52.Qd8 Qg5 53.Qd4 f3
54.e5 Qf5 55.Qd8 Qg5 56.Qd6 f2 57.Qf8 Qf6 0-1

[Event "7th EUR-ch"]
[Site "Kusadasi TUR"]
[Date "2006.04.10"]
[Round "7.44"]
[White "Seeman, Tarvo"]
[Black "Hillarp Persson, Tiger"]
[Result "0-1"]
[WhiteElo "2412"]
[BlackElo "2524"]
[EventDate "2006.04.04"]
[PlyCount "98"]

1.Nf3 g6 2.d4 Bg7 3.c3 d6 4.Bf4 Nd7 5.h3 e5 6.Bh2 e4 7.Nfd2 e3 8.fxe3 Qh4+
9.g3 Qe7 10.e4 Ngf6 11.Bg2 h5 12.e3 Nf8 13.c4 N8h7 14.Nc3 c6 15.Bg1 O-O 
16.Qc2 Ng5 17.O-O-O Rb8 18.Kb1 Re8 19.Ka1 Bd7 20.Bf2 Qd8 21.c5 dxc5 22.e5 
Nd5 23.Nxd5 cxd5 24.Qxc5 Bc6 25.g4 hxg4 26.hxg4 Qd7 27.Bh4 Ne6 28.Qa3 g5 
29.Be1 Bb5 30.Rb1 Rbc8 31.Qb3 Red8 32.Nf1 Ba4 33.Qa3 Bc2 34.Ng3 Bf8 35.Bb4
Bxb4 36.Qxb4 Bxb1 37.Kxb1 Ng7 38.Bh3 f6 39.exf6 Qc7 40.Qe1 Qc2+ 41.Ka1 Ne8
42.Nh5 Rd6 43.f7+ Kxf7 44.a3 Rb6 45.Rf1+ Nf6 46.Qb1 Qxb1+ 47.Kxb1 Kg6 48.
Ng3 Re8 49.Nf5 Ne4 0-1

[Event "7th EUR-ch"]
[Site "Kusadasi TUR"]
[Date "2006.04.10"]
[Round "7.45"]
[White "Saric, Ante"]
[Black "Delchev, Alexander"]
[Result "0-1"]
[WhiteElo "2474"]
[BlackElo "2640"]
[EventDate "2006.04.04"]
[PlyCount "100"]

1.d4 Nf6 2.c4 e6 3.Nf3 d5 4.Nc3 c6 5.cxd5 exd5 6.Bg5 h6 7.Bh4 Bf5 8.e3 
Nbd7 9.Bd3 Bxd3 10.Qxd3 Be7 11.O-O O-O 12.Rab1 a5 13.Nd2 Re8 14.f3 b5 15.
Bf2 Bd6 16.Rfd1 a4 17.Ne2 Qb8 18.Nf1 Qb6 19.g4 c5 20.h4 c4 21.Qc2 b4 22.g5
hxg5 23.hxg5 Nh7 24.Qf5 Qc6 25.Nfg3 Bxg3 26.Nxg3 Qe6 27.Qf4 Qg6 28.Qg4 
Ndf8 29.f4 Nf6 30.Qf3 Ne4 31.Kg2 Nxg3 32.Kxg3 Re4 33.Rh1 Rae8 34.a3 Rb8 
35.axb4 Rxb4 36.Ra1 f5 37.Ra2 Ne6 38.Be1 Rb3 39.Bc3 Qe8 40.Kf2 a3 41.Qh3 
Nf8 42.Rxa3 Rxa3 43.bxa3 Qa4 44.Qxf5 Qc2+ 45.Kg1 Qd1+ 46.Kg2 Qe2+ 47.Kg1 
Qxe3+ 48.Kg2 Qe2+ 49.Kg1 Qd1+ 50.Kg2 Qc2+ 0-1

[Event "7th EUR-ch"]
[Site "Kusadasi TUR"]
[Date "2006.04.10"]
[Round "7.46"]
[White "Sakaev, Konstantin"]
[Black "Steingrimsson, Hedinn"]
[Result "1-0"]
[WhiteElo "2637"]
[BlackElo "2447"]
[EventDate "2006.04.04"]
[PlyCount "87"]

1.d4 Nf6 2.c4 e6 3.Nf3 b6 4.g3 Ba6 5.b3 Bb4+ 6.Bd2 Be7 7.Bg2 c6 8.Bc3 d5 
9.Nbd2 Nbd7 10.Qc2 O-O 11.e4 dxe4 12.Nxe4 c5 13.O-O Qc7 14.Rad1 Rad8 15.
dxc5 bxc5 16.Rfe1 Bb7 17.Ned2 h6 18.Nh4 Bxg2 19.Nxg2 Nb8 20.Nf4 Qb7 21.Nd3
Nc6 22.Nf3 Rd7 23.Nde5 Nxe5 24.Nxe5 Rxd1 25.Rxd1 Rd8 26.Rxd8+ Bxd8 27.Qd3 
Be7 28.f3 h5 29.Kg2 Kf8 30.h3 Ke8 31.Qd2 Nh7 32.Nd3 g6 33.Qh6 Nf8 34.Nf2 
Qa6 35.Qd2 Nd7 36.g4 hxg4 37.hxg4 Bf6 38.Bxf6 Nxf6 39.g5 Nd7 40.Ne4 Qb6 
41.Nd6+ Kf8 42.Qf4 f5 43.gxf6 g5 44.Qh2 1-0

[Event "7th EUR-ch"]
[Site "Kusadasi TUR"]
[Date "2006.04.10"]
[Round "7.49"]
[White "Galego, Luis"]
[Black "Atakisi, Umut"]
[Result "1/2-1/2"]
[WhiteElo "2543"]
[BlackElo "2419"]
[EventDate "2006.04.04"]
[PlyCount "115"]

1.e4 c6 2.Nc3 d5 3.Nf3 Bg4 4.Be2 e6 5.O-O Nf6 6.d3 Nbd7 7.h3 Bh5 8.Bf4 Bb4
9.e5 Ng8 10.a3 Ba5 11.d4 Ne7 12.b4 Bc7 13.Nd2 Bg6 14.Nb3 O-O 15.Qd2 f6 16.
exf6 Bxf4 17.Qxf4 Rxf6 18.Qd2 e5 19.Rae1 exd4 20.Nxd4 Nf5 21.Nxf5 Bxf5 22.
g4 Be6 23.f4 Rh6 24.Bf3 Bf7 25.Bg2 Re6 26.Rxe6 Bxe6 27.Ne2 Nb6 28.Nd4 Bf7 
29.Qc3 Nc4 30.g5 Qd7 31.Re1 Bg6 32.a4 Rf8 33.Ne6 Re8 34.Nc5 Rxe1+ 35.Qxe1 
Qf7 36.Qf2 Bf5 37.Nb3 Qe7 38.b5 Ne3 39.Nd4 Bd7 40.Qe2 Nf5 41.Qxe7 Nxe7 42.
bxc6 bxc6 43.a5 Nf5 44.Nxf5 Bxf5 45.c3 Kf7 46.Kf2 Ke6 47.Ke3 Kd6 48.Kd4 
c5+ 49.Ke3 Be6 50.h4 Bf5 51.Bf1 h6 52.Be2 Ke6 53.Ba6 Kd6 54.Bb7 Bd7 55.Ba6
Bf5 56.Bb7 Be6 57.Ba6 Bf5 58.Bb7 1/2-1/2

[Event "7th EUR-ch"]
[Site "Kusadasi TUR"]
[Date "2006.04.10"]
[Round "7.50"]
[White "Rogic, Davor"]
[Black "Manca, Federico"]
[Result "0-1"]
[WhiteElo "2540"]
[BlackElo "2417"]
[EventDate "2006.04.04"]
[PlyCount "76"]

1.e4 d6 2.d4 Nf6 3.Nc3 g6 4.h3 Bg7 5.g4 O-O 6.Bg2 e5 7.Nge2 c6 8.a4 a5 9.
Be3 Qc7 10.Qd2 Na6 11.O-O Be6 12.f4 exf4 13.Nxf4 Bc4 14.Rf2 Nb4 15.b3 Ba6 
16.Re1 Rfe8 17.g5 Nd7 18.h4 Nb6 19.Nd1 c5 20.d5 c4 21.Bd4 Nxc2 22.Bxg7 
Nxe1 23.Bb2 Nxg2 24.Qc3 Re5 25.Kxg2 Rc8 26.Ne3 cxb3 27.Qxb3 Rxe4 28.Nh5 
gxh5 29.Nf5 Qc4 30.Qxb6 Rg4+ 31.Kh3 Rxh4+ 32.Nxh4 Qg4+ 33.Kh2 Qxh4+ 34.Kg2
Qg4+ 35.Kh2 Qh4+ 36.Kg2 Bd3 37.Bc3 Be4+ 38.Kf1 Qh3+ 0-1

[Event "7th EUR-ch"]
[Site "Kusadasi TUR"]
[Date "2006.04.10"]
[Round "7.51"]
[White "Safarli, Eltaj"]
[Black "Winants, Luc"]
[Result "0-1"]
[WhiteElo "2417"]
[BlackElo "2530"]
[EventDate "2006.04.04"]
[PlyCount "96"]

1.d4 d5 2.Bg5 f6 3.Bf4 Nc6 4.Nf3 g5 5.Bc1 Bf5 6.c4 e6 7.e3 Qd7 8.a3 Nge7 
9.Nc3 a6 10.b4 Bg7 11.Bd3 Bxd3 12.Qxd3 Rd8 13.Bb2 h6 14.e4 dxc4 15.Qxc4 g4
16.Nh4 Qxd4 17.Qe2 Ne5 18.O-O Qd2 19.Rad1 Qxe2 20.Rxd8+ Kxd8 21.Nxe2 N7g6 
22.Nxg6 Nxg6 23.Nd4 Ke7 24.Nb3 b6 25.Rc1 Kd7 26.Nd4 Re8 27.f3 h5 28.Kf2 
Ne5 29.Ke2 Bh6 30.Rd1 Ke7 31.Bc1 Bxc1 32.Rxc1 Kd7 33.Rd1 Kc8 34.f4 Nc4 35.
Nc2 Nd6 36.Ke3 Rd8 37.Rd3 Kb7 38.g3 e5 39.fxe5 fxe5 40.Ke2 Rf8 41.Rd5 Re8 
42.Ke3 Re6 43.Rd1 Rf6 44.Ne1 Rf1 45.Ke2 Rh1 46.Kf2 Rxh2+ 47.Ng2 Nxe4+ 48.
Kg1 Rh1+ 0-1

[Event "7th EUR-ch"]
[Site "Kusadasi TUR"]
[Date "2006.04.10"]
[Round "7.53"]
[White "Saric, Ivan"]
[Black "Iskusnyh, Sergei"]
[Result "1/2-1/2"]
[WhiteElo "2393"]
[BlackElo "2510"]
[EventDate "2006.04.04"]
[PlyCount "121"]

1.e4 c5 2.Nf3 Nc6 3.d4 cxd4 4.Nxd4 Nf6 5.Nc3 d6 6.Bg5 e6 7.Qd2 Be7 8.O-O-O
Qb6 9.f3 Nxd4 10.Qxd4 Qxd4 11.Rxd4 a6 12.Na4 Nd7 13.Bxe7 Kxe7 14.c4 Rb8 
15.Nc3 Rd8 16.Be2 Nc5 17.Rhd1 e5 18.R4d2 Ne6 19.Nd5+ Kf8 20.Ne3 Nd4 21.Nc2
Nxe2+ 22.Rxe2 Be6 23.b3 b5 24.cxb5 Rxb5 25.Red2 Ke7 26.Ne3 g6 27.g4 Rb6 
28.Rc2 Kd7 29.h4 Rdb8 30.Kd2 Rc6 31.Rxc6 Kxc6 32.Rh1 a5 33.h5 a4 34.Rc1+ 
Kd7 35.bxa4 Rb4 36.hxg6 hxg6 37.Rc3 Rxa4 38.a3 Ra8 39.Nc2 f5 40.gxf5 gxf5 
41.exf5 Bxf5 42.Nb4 Be6 43.Nd3 Bf5 44.Ke3 Bxd3 45.Rxd3 Ra4 46.Kd2 Kc6 47.
Re3 Kc5 48.Rc3+ Kd5 49.Rb3 Ke6 50.Rb4 Rxa3 51.f4 Rh3 52.fxe5 Kxe5 53.Ra4 
Kd5 54.Ke2 Rc3 55.Rh4 Rc4 56.Rh5+ Kd4 57.Kd2 Rc8 58.Rh4+ Kc5 59.Kd3 Rg8 
60.Rh5+ d5 61.Rh4 1/2-1/2

[Event "7th EUR-ch"]
[Site "Kusadasi TUR"]
[Date "2006.04.10"]
[Round "7.54"]
[White "Almond, Richard"]
[Black "Aroshidze, Levan"]
[Result "0-1"]
[WhiteElo "2093"]
[BlackElo "2498"]
[EventDate "2006.04.04"]
[PlyCount "98"]

1.d4 Nf6 2.c4 e6 3.Nc3 Bb4 4.Qc2 O-O 5.a3 Bxc3+ 6.Qxc3 b6 7.Bg5 Bb7 8.e3 
d6 9.f3 Nbd7 10.Bd3 Rc8 11.Ne2 c5 12.Qb3 cxd4 13.exd4 Ba6 14.Rc1 h6 15.
Bxf6 Nxf6 16.O-O Qd7 17.Rfd1 Rc7 18.Qa2 d5 19.c5 Bxd3 20.Rxd3 bxc5 21.dxc5
Qb5 22.Qb3 Rxc5 23.Qxb5 Rxb5 24.b4 Rb7 25.Rdc3 Nd7 26.Rc7 Rfb8 27.Nd4 Nb6 
28.R1c6 Nc4 29.Rxb7 Rxb7 30.Ra6 Kf8 31.Nc2 Ke7 32.a4 Nd6 33.b5 Kd7 34.Nb4 
Nc8 35.Nd3 Rb6 36.Ne5+ Kc7 37.Rxb6 Kxb6 38.Nxf7 Ka5 39.Nd8 e5 40.Nc6+ Kxa4
41.Nxe5 Kxb5 42.Kf2 Kb4 43.Ke3 Kc3 44.Nc6 Nd6 45.Nxa7 d4+ 46.Kf2 d3 47.Nc6
d2 48.Ke2 Nc4 49.Ne7 Kc2 0-1

[Event "7th EUR-ch"]
[Site "Kusadasi TUR"]
[Date "2006.04.10"]
[Round "7.58"]
[White "Kosintseva, Tatiana"]
[Black "Yagiz, Yasin Emrah"]
[Result "1-0"]
[WhiteElo "2489"]
[BlackElo "2320"]
[EventDate "2006.04.04"]
[PlyCount "103"]

1.e4 e5 2.Nf3 Nc6 3.Bb5 a6 4.Ba4 Nf6 5.O-O Be7 6.Re1 b5 7.Bb3 d6 8.c3 O-O 
9.d4 exd4 10.cxd4 Bg4 11.Nc3 Na5 12.Bc2 c5 13.dxc5 dxc5 14.e5 Qxd1 15.Rxd1
Nd7 16.h3 Be6 17.Nd5 Bxd5 18.Rxd5 Nb6 19.Rd1 Rad8 20.Bg5 Bxg5 21.Nxg5 g6 
22.Ne4 Nac4 23.Nxc5 Nxb2 24.Rxd8 Rxd8 25.Nxa6 Rd2 26.Bb3 Re2 27.e6 fxe6 
28.Nc7 N6c4 29.Nxb5 Nd2 30.Nd4 Nxb3 31.axb3 Re4 32.Ra8+ Kg7 33.Rd8 Re1+ 
34.Kh2 e5 35.Nf3 Re2 36.Rd2 Rxd2 37.Nxd2 Nd3 38.Ne4 h6 39.g3 Kf7 40.Kg2 
Ke6 41.Kf3 Nc1 42.b4 Nd3 43.b5 Kd5 44.Ke3 Nb4 45.Nf6+ Ke6 46.Ne4 Kd5 47.b6
Kc6 48.Nf6 Kxb6 49.Nd7+ Kc7 50.Nxe5 Nd5+ 51.Kd4 Ne7 52.Nf7 1-0

[Event "7th EUR-ch"]
[Site "Kusadasi TUR"]
[Date "2006.04.10"]
[Round "7.59"]
[White "Lanzani, Mario"]
[Black "Lopez Martinez, Josep Manuel"]
[Result "0-1"]
[WhiteElo "2347"]
[BlackElo "2481"]
[EventDate "2006.04.04"]
[PlyCount "86"]

1.e4 c5 2.Nf3 e6 3.c3 Nf6 4.e5 Nd5 5.d4 cxd4 6.cxd4 d6 7.Bc4 Nb6 8.Bd3 Bd7
9.O-O dxe5 10.Nxe5 Nc6 11.Be4 Nxe5 12.dxe5 Qc7 13.Nc3 Bb4 14.Qf3 Bxc3 15.
bxc3 Bc6 16.Bxc6+ Qxc6 17.Qg3 O-O-O 18.Be3 Nc4 19.Bd4 h5 20.Qf4 Rd7 21.a4 
b6 22.Rfb1 Rhd8 23.h3 g6 24.Rb4 Rc7 25.Rb5 Rd5 26.Rxd5 Qxd5 27.Rb1 Na5 28.
Rb2 Qc4 29.Qf3 Nc6 30.Qd1 Nxd4 31.cxd4 Qc1 32.Qxc1 Rxc1+ 33.Kh2 Rc4 34.a5 
bxa5 35.d5 exd5 36.Rb5 a4 37.Rxd5 Kc7 38.Kg3 a3 39.Ra5 Rc3+ 40.Kf4 Kb6 41.
Ra4 a5 42.Kg5 Kb5 43.Re4 Rc6 0-1

[Event "7th EUR-ch"]
[Site "Kusadasi TUR"]
[Date "2006.04.10"]
[Round "7.60"]
[White "Aleskerov, Faik"]
[Black "Kosintseva, Nadezhda"]
[Result "1/2-1/2"]
[WhiteElo "2325"]
[BlackElo "2469"]
[EventDate "2006.04.04"]
[PlyCount "45"]

1.d4 Nf6 2.Nf3 d5 3.e3 Bf5 4.Bd3 e6 5.O-O Bd6 6.c4 dxc4 7.Bxf5 exf5 8.Qc2 
g6 9.Nbd2 O-O 10.e4 fxe4 11.Nxe4 Nxe4 12.Qxe4 Nc6 13.Bg5 Qd7 14.d5 Ne7 15.
Qxc4 Nxd5 16.Bh6 Rfe8 17.Qd4 Bf8 18.Bxf8 Rxf8 19.Ne5 Qd6 20.Ng4 f6 21.Rad1
c6 22.Ne3 Rad8 23.Qh4 1/2-1/2

[Event "7th EUR-ch"]
[Site "Kusadasi TUR"]
[Date "2006.04.10"]
[Round "7.61"]
[White "Logothetis, Sotirios"]
[Black "Guliev, Logman"]
[Result "1-0"]
[WhiteElo "2298"]
[BlackElo "2384"]
[EventDate "2006.04.04"]
[PlyCount "73"]

1.Nf3 d5 2.d4 e6 3.c4 c5 4.cxd5 exd5 5.Nc3 Nc6 6.g3 c4 7.Bg2 Bb4 8.O-O 
Nge7 9.Bd2 O-O 10.a3 Ba5 11.b3 Bxc3 12.Bxc3 b5 13.bxc4 bxc4 14.Ne5 Bf5 15.
Nxc6 Nxc6 16.e4 Be6 17.Qf3 Ne7 18.Bb4 Rc8 19.Bxe7 Qxe7 20.exd5 Bd7 21.Rfe1
Qd6 22.Rac1 g6 23.h4 Qb6 24.Qc3 Ba4 25.Re5 Bb3 26.h5 a5 27.h6 a4 28.Rce1 
Qd6 29.Re7 Qf6 30.d6 Rcd8 31.d7 g5 32.Bh3 Qxh6 33.Re8 Qc6 34.d5 Qa8 35.Qe5
Bc2 36.Qxg5+ Bg6 37.Qxd8 1-0

[Event "7th EUR-ch"]
[Site "Kusadasi TUR"]
[Date "2006.04.10"]
[Round "7.62"]
[White "Kurmann, Oliver"]
[Black "Arlandi, Ennio"]
[Result "1/2-1/2"]
[WhiteElo "2297"]
[BlackElo "2453"]
[EventDate "2006.04.04"]
[PlyCount "78"]

1.e4 c5 2.Nf3 e6 3.d4 cxd4 4.Nxd4 Nf6 5.Nc3 d6 6.Be3 a6 7.f3 b5 8.g4 h6 9.
Qd2 b4 10.Nce2 e5 11.Nb3 a5 12.Rd1 a4 13.Nbc1 Nc6 14.Ng3 Qa5 15.Nf5 Bxf5 
16.gxf5 d5 17.exd5 Nd4 18.Bxd4 exd4 19.Bc4 O-O-O 20.O-O Nxd5 21.Bxd5 Rxd5 
22.Kh1 Bd6 23.c4 bxc3 24.bxc3 Rd8 25.Ne2 Be5 26.cxd4 Qxd2 27.Rxd2 Bf6 28.
Rc2+ Kd7 29.Rc4 a3 30.Ra4 Be7 31.Nc3 Rxf5 32.Ra7+ Ke8 33.Re1 Rd7 34.Ra8+ 
Rd8 35.Ra7 Rd7 36.Ra8+ Rd8 37.Rxa3 Rxd4 38.Ra8+ Rd8 39.Ra7 Rd7 1/2-1/2

[Event "7th EUR-ch"]
[Site "Kusadasi TUR"]
[Date "2006.04.10"]
[Round "7.64"]
[White "Vuilleumier, Alex"]
[Black "Makolli, Perparim"]
[Result "1-0"]
[WhiteElo "2354"]
[BlackElo "2251"]
[EventDate "2006.04.04"]
[PlyCount "57"]

1.d4 Nf6 2.g3 d5 3.Bg2 Bf5 4.c4 c6 5.Nf3 e6 6.Nbd2 Bd6 7.O-O O-O 8.b3 Ne4 
9.Bb2 Bb4 10.a3 Bc3 11.Qc1 Bxb2 12.Qxb2 Qa5 13.b4 Qd8 14.Rfc1 Nd7 15.Nh4 
Nxd2 16.Qxd2 Bg6 17.Nxg6 hxg6 18.c5 e5 19.e4 dxe4 20.d5 f5 21.dxc6 bxc6 
22.Rd1 Rf7 23.Bf1 e3 24.Qxe3 f4 25.Qb3 Kf8 26.Bc4 Re7 27.gxf4 Qc7 28.Qh3 
Ke8 29.Rxd7 1-0

[Event "7th EUR-ch"]
[Site "Kusadasi TUR"]
[Date "2006.04.10"]
[Round "7.66"]
[White "Duman, Aydin"]
[Black "Simeonidis, Ioannis"]
[Result "1-0"]
[WhiteElo "2241"]
[BlackElo "2307"]
[EventDate "2006.04.04"]
[PlyCount "79"]

1.e4 c6 2.c4 e5 3.Nf3 d6 4.d4 Nd7 5.Nc3 Ngf6 6.Be2 Be7 7.O-O O-O 8.Qc2 Qc7
9.Rd1 Re8 10.Rb1 a5 11.a3 Nf8 12.dxe5 dxe5 13.h3 Be6 14.Be3 N8d7 15.b4 h6 
16.c5 axb4 17.axb4 Nh7 18.Nd5 cxd5 19.exd5 Bxd5 20.Rxd5 Nhf6 21.Rd2 e4 22.
Nd4 Nd5 23.Nb5 Qc6 24.Rxd5 Qxd5 25.Nc7 Qe5 26.Nxe8 Rxe8 27.Qa4 Nf6 28.Qb5 
Rb8 29.Rd1 Nd5 30.Bd4 Qg5 31.Bf1 e3 32.Re1 exf2+ 33.Bxf2 Nf4 34.Kh1 Ne6 
35.Kh2 Bd8 36.Rxe6 Bc7+ 37.Rd6 Bxd6+ 38.cxd6 Qxb5 39.Bxb5 Kf8 40.Bb6 1-0

[Event "7th EUR-ch"]
[Site "Kusadasi TUR"]
[Date "2006.04.12"]
[Round "8.3"]
[White "Balogh, Csaba"]
[Black "Fressinet, Laurent"]
[Result "1/2-1/2"]
[WhiteElo "2576"]
[BlackElo "2633"]
[EventDate "2006.04.04"]
[PlyCount "96"]

1.e4 e5 2.Nf3 Nc6 3.Bb5 a6 4.Bxc6 dxc6 5.O-O Ne7 6.Nxe5 Qd4 7.Qh5 g6 8.Qg5
Bg7 9.Nd3 f5 10.e5 c5 11.b3 b6 12.Bb2 Qg4 13.f4 Qxg5 14.fxg5 h6 15.gxh6 
Rxh6 16.a4 a5 17.Na3 Bb7 18.Nc4 O-O-O 19.Rae1 Be4 20.Re3 g5 21.Rg3 Rg6 22.
Nf2 Bd5 23.Bc3 Be6 24.Rd3 Rh8 25.Rh3 Re8 26.d3 Bh6 27.Bd2 Nc6 28.Bc3 Bg7 
29.Re1 Rg8 30.Rh5 g4 31.Nd1 f4 32.Nf2 g3 33.hxg3 Rxg3 34.Ne4 Rg6 35.Rg5 
Rxg5 36.Nxg5 Bd5 37.Ne4 Bxc4 38.bxc4 Bxe5 39.Bxe5 Nxe5 40.Kf2 Rf8 41.Nc3 
Ng4+ 42.Kf3 Nh2+ 43.Kf2 f3 44.Re4 fxg2+ 45.Kxg2 Nf3 46.Nd5 Rf7 47.c3 Kb7 
48.Rf4 Rxf4 1/2-1/2

[Event "7th EUR-ch"]
[Site "Kusadasi TUR"]
[Date "2006.04.12"]
[Round "8.4"]
[White "Belov, Vladimir"]
[Black "Arutinian, David"]
[Result "1/2-1/2"]
[WhiteElo "2599"]
[BlackElo "2532"]
[EventDate "2006.04.04"]
[PlyCount "34"]

1.e4 c6 2.d4 d5 3.e5 Bf5 4.Nf3 e6 5.Be2 Ne7 6.O-O Bg6 7.Nbd2 c5 8.c4 cxd4 
9.Nxd4 Nec6 10.Qa4 Bc5 11.Nxc6 Nxc6 12.cxd5 exd5 13.Nb3 Bb6 14.Bf4 O-O 15.
Rad1 Re8 16.Bb5 Rc8 17.Rd2 a6 1/2-1/2

[Event "7th EUR-ch"]
[Site "Kusadasi TUR"]
[Date "2006.04.12"]
[Round "8.6"]
[White "Nijboer, Friso"]
[Black "Berescu, Alin-Mile"]
[Result "1/2-1/2"]
[WhiteElo "2584"]
[BlackElo "2461"]
[EventDate "2006.04.04"]
[PlyCount "90"]

1.e4 e6 2.d4 d5 3.Nc3 Nf6 4.e5 Nfd7 5.f4 c5 6.Nf3 Nc6 7.Be3 a6 8.Qd2 b5 9.
Be2 Qb6 10.Nd1 b4 11.O-O cxd4 12.Nxd4 Nxd4 13.Bxd4 Qxd4+ 14.Qxd4 Bc5 15.c3
bxc3 16.bxc3 a5 17.Nf2 Bxd4 18.cxd4 Ba6 19.Bxa6 Rxa6 20.Rfc1 Ke7 21.Rab1 
Ra7 22.Nd3 Rb8 23.Rxb8 Nxb8 24.f5 Na6 25.a3 Nc7 26.a4 exf5 27.Nf4 Kd8 28.
Rc6 Rb7 29.Rd6+ Ke7 30.Kf2 Rb4 31.Rc6 Kd8 32.Rd6+ Ke7 33.Rc6 Kd8 34.Rd6+ 
Ke8 35.Nxd5 Nxd5 36.Rxd5 Rxa4 37.h4 Ke7 38.Ke3 f6 39.Kf4 g6 40.g3 fxe5+ 
41.Kxe5 Ra3 42.Rb5 Re3+ 43.Kf4 Re4+ 44.Kf3 Rxd4 45.Rxa5 Ke6 1/2-1/2

[Event "7th EUR-ch"]
[Site "Kusadasi TUR"]
[Date "2006.04.12"]
[Round "8.8"]
[White "Izoria, Zviad"]
[Black "Bartel, Mateusz"]
[Result "1-0"]
[WhiteElo "2647"]
[BlackElo "2554"]
[EventDate "2006.04.04"]
[PlyCount "53"]

1.Nf3 Nf6 2.c4 e6 3.Nc3 d5 4.d4 dxc4 5.e4 Bb4 6.Bg5 b5 7.a4 c6 8.e5 h6 9.
exf6 hxg5 10.fxg7 Rg8 11.g3 g4 12.Nd2 Qxd4 13.Bg2 bxa4 14.O-O Rxg7 15.Qxa4
a5 16.Rfd1 Ke7 17.Nde4 Qb6 18.Na2 Bb7 19.Qc2 Na6 20.Qxc4 Rgg8 21.Qc1 Nc7 
22.Nxb4 axb4 23.Qf4 Ne8 24.Nf6 Rxa1 25.Nxg8+ Kf8 26.Rxa1 Kxg8 27.Qb8 1-0

[Event "7th EUR-ch"]
[Site "Kusadasi TUR"]
[Date "2006.04.12"]
[Round "8.14"]
[White "Mamedov, Rauf"]
[Black "Miroshnichenko, Yevhen"]
[Result "1/2-1/2"]
[WhiteElo "2538"]
[BlackElo "2608"]
[EventDate "2006.04.04"]
[PlyCount "60"]

1.e4 c5 2.Nf3 d6 3.Nc3 Nc6 4.d4 cxd4 5.Nxd4 Nf6 6.Bg5 e6 7.Qd2 Be7 8.O-O-O
Nxd4 9.Qxd4 O-O 10.f4 Qa5 11.Kb1 Rd8 12.Qd2 Bd7 13.Bd3 h6 14.Bxf6 Bxf6 15.
Nd5 Qxd2 16.Nxf6+ gxf6 17.Rxd2 Bc6 18.Re1 Kf8 19.Re3 Ke7 20.c4 h5 21.Be2 
h4 22.Bf3 a5 23.b3 Rac8 24.Kb2 b6 25.a4 Be8 26.Red3 Rc5 27.Rd1 Bc6 28.R1d2
Rd7 29.h3 Bb7 30.Kc3 Bc6 1/2-1/2